Niños Cusqueños fe y tradición. (Record no. 23413)
[ view plain ]
| 000 -CABECERA | |
|---|---|
| fixed length control field | 01233nam a22002777a 4500 |
| 003 - IDENTIFICADOR DEL NÚMERO DE CONTROL | |
| control field | AR-CdUCM |
| 008 - DATOS DE LONGITUD FIJA--INFORMACIÓN GENERAL | |
| fixed length control field | 251215b2024 pe ||||| |||| 00| 0 spa d |
| 040 ## - FUENTE DE LA CATALOGACIÓN | |
| Agencia/entidad que catalogó originalmente la obra | MUNICIPALIDAD PROVINCIAL DEL CUSCO |
| Entidad que transcribió la catalogación | BIBLIOTECA MUNICIPAL DEL CUSCO |
| 082 ## - NÚMERO DE LA CLASIFICACIÓN DECIMAL DEWEY | |
| No. de Clasificación | 704.9425 |
| Notacion interna | M95 |
| 100 ## - ENTRADA PRINCIPAL--NOMBRE DE PERSONA | |
| Nombre Personal | Municipalidad Provincial del Cusco / |
| 245 ## - MENCIÓN DE TÍTULO | |
| Título | Niños Cusqueños fe y tradición. |
| 260 ## - PUBLICACIÓN, DISTRIBUCIÓN, ETC. | |
| Lugar de publicación, distribución, etc. | Cusco |
| Nombre de la editorial, distribuidor, etc. | Municipalidad del Cusco |
| Fecha de publicación, distribución, etc. | 2024 |
| 300 ## - DESCRIPCIÓN FÍSICA | |
| Nº de Páginas Extensión | 119 páginas. : |
| Dimensiones | 30 x 24 cm. |
| 505 ## - NOTA DE CONTENIDO CON FORMATO | |
| Nota de contenido formateada | El "Niño Jesús Inca" y los jesuitas en el Cusco virreinal -- En la Pintura Cusqueña -- El Inti P'unchaw o Sol de los Incas -- En Cusco -- La fiesta de Sarawawa -- Nacimiento de Fernando Pachacutec Huamán Yuca -- Declaran Patrimonio Cultural de la Nación a la Tradicional Feria del Santurantikuy de la ciudad del Cusco -- Manuelito: Tradición Navideña Cusqueña.... |
| 650 ## - PUNTO DE ACCESO ADICIONAL DE MATERIA--TÉRMINO DE MATERIA | |
| Descriptor | El "Niño Jesús" |
| 9 (RLIN) | 51686 |
| 650 ## - PUNTO DE ACCESO ADICIONAL DE MATERIA--TÉRMINO DE MATERIA | |
| Descriptor | Pintura Cusqueña |
| 9 (RLIN) | 7254 |
| 650 ## - PUNTO DE ACCESO ADICIONAL DE MATERIA--TÉRMINO DE MATERIA | |
| Descriptor | El Inti P'unchaw |
| 9 (RLIN) | 51687 |
| 650 ## - PUNTO DE ACCESO ADICIONAL DE MATERIA--TÉRMINO DE MATERIA | |
| Descriptor | La fiesta |
| 9 (RLIN) | 51688 |
| 650 ## - PUNTO DE ACCESO ADICIONAL DE MATERIA--TÉRMINO DE MATERIA | |
| Descriptor | Nacimiento |
| 9 (RLIN) | 39579 |
| 650 ## - PUNTO DE ACCESO ADICIONAL DE MATERIA--TÉRMINO DE MATERIA | |
| Descriptor | Patrimonio Cultural |
| 9 (RLIN) | 3805 |
| 650 ## - PUNTO DE ACCESO ADICIONAL DE MATERIA--TÉRMINO DE MATERIA | |
| Descriptor | Feria del Santurantikuy |
| 9 (RLIN) | 51689 |
| 650 ## - PUNTO DE ACCESO ADICIONAL DE MATERIA--TÉRMINO DE MATERIA | |
| Descriptor | Tradición |
| 9 (RLIN) | 51690 |
| 942 ## - ELEMENTOS DE PUNTO DE ACCESO ADICIONAL (KOHA) | |
| Fuente de clasificación | |
| Tipo de item | Libros-BMC |
| 945 ## - PROCESAMIENTO DE INFORMACIÓN LOCAL (OCLC) | |
| Catalogador | jmcs |
| AAAA-MM-DD - Fecha de ingreso o modificacion | 15/12/2025 |
No items available.